Generazioni dei Pokémon - Quiz n°8 - Statistics

Statistiche generali
  • Questo quiz è stato fatto 3 volte
  • Il punteggio medio è 11 su 15
Statistiche sulle risposte
Hint Risposta % Corretto
Naclstack Nona
100%
Rellor Nona
100%
Seel Prima
100%
Slowpoke Prima
100%
Hypno Prima
100%
Swanna Quinta
100%
Sunkern Seconda
100%
Flamigo Nona
67%
Bonsly Quarta
67%
Alomomola Quinta
67%
Cacnea Terza
67%
Bewear Settima
33%
Sealeo Terza
33%
Nosepass Terza
33%
Volcanion Sesta
0%
Nessun quiz corrispondente trovato
Distribuzione punteggi
Percentuale di utenti per punteggio
Percentile per numero di risposta
I tuoi punteggi nel tempo
Non hai fatto questo quiz